000 00404 a2200169 4500
001 188638
020 _a85-356-1480- X
040 _cMagnum
100 _aStarling, Rosana de Miranda
240 1 0 _aO eu-cuidado, um ser em construção
_lpor
245 1 0 _aO eu-cuidado, um ser em construção
300 _a149
362 0 _a2005
440 1 _aPaulinas
697 _aMEDICINA E SAÚDE
942 _cBK
999 _c188638
_d188638